Capitals beginning with 'Port' - Statistics

General Stats
  • This quiz has been taken 41 times
    19 since last reset
  • The average score is 5 of 6
Answer Stats
Answer % Correct
Port Moresby
94%
Port-au-Prince
88%
Port of Spain
88%
Port Vila
76%
Porto Novo
71%
Port Louis
65%
No matching quizzes found
Score Distribution
Percent of People with Each Score
Percentile by Number Answered
Your Score History
You have not taken this quiz since the last reset